The Epistle of Paul to the Galatians; the English text with introduction, exposition and notes. (Record no. 446)

000 -LEADER
fixed length control field 00686nam a2200193 a 4500
001 - CONTROL NUMBER
control field :::00013600$&:&@@
003 - CONTROL NUMBER IDENTIFIER
control field OkBaRHE
005 - DATE AND TIME OF LATEST TRANSACTION
control field 20100324121500.0
008 - FIXED-LENGTH DATA ELEMENTS--GENERAL INFORMATION
fixed length control field s1953 j 000 0 eng u
040 ## - CATALOGING SOURCE
Transcribing agency
100 1# - MAIN ENTRY--PERSONAL NAME
Personal name Ridderbos, Herman N.
245 14 - TITLE STATEMENT
Title The Epistle of Paul to the Galatians; the English text with introduction, exposition and notes.
260 ## - PUBLICATION, DISTRIBUTION, ETC. (IMPRINT)
Place of publication, distribution, etc Grand Rapids
Name of publisher, distributor, etc Eerdmans
Date of publication, distribution, etc 1953
300 ## - PHYSICAL DESCRIPTION
Extent 188 p. ;
Dimensions 20 cm.
490 0# - SERIES STATEMENT
Series statement The New International Commentary on the New Testament.
650 ## - SUBJECT ADDED ENTRY--TOPICAL TERM
Topical term or geographic name as entry element Bible. N.T. Galatians
General subdivision Commentaries.
942 ## - ADDED ENTRY ELEMENTS (KOHA)
Source of classification or shelving scheme
Koha item type Books
Copies
Withdrawn status Permanent Location Price effective from Source of classification or shelving scheme Not for loan Copy number Full call number Date acquired Collection code Lost status Date last seen Barcode Koha item type Damaged status Shelving location
 RHEMA Bible Training College2010-04-14  1BS 2685.3 .R62010-04-14Reference 2018-04-0313600Books General Stacks